Southville International School and Colleges
Your cart is empty.
  • Cart
  • Lists
    Public lists Eva Luna New books Lux_list list_1
    Your lists Log in to create your own lists
  • Log in to your account
  • Your cookies
  • Search history
Southville International School and Colleges
  • Advanced search
  • Recent comments
  • Most popular
  • Libraries

Log in to your account

Log in with GOOGLE


If you do not have an external account, but do have a local account, you can still log in:

  1. Home
  2. MARC view: Friends of God :
Normal view MARC view ISBD view

Friends of God : (Record no. 8704)

[ view plain ]
MARC details
000 -LEADER
fixed length control field 00553nam a22002057a 4500
003 - CONTROL NUMBER IDENTIFIER
control field OSt
005 - DATE AND TIME OF LATEST TRANSACTION
control field 20140310182037.0
008 - FIXED-LENGTH DATA ELEMENTS--GENERAL INFORMATION
fixed length control field 130815t xxu||||| |||| 00| 0 eng d
020 ## - INTERNATIONAL STANDARD BOOK NUMBER
International Standard Book Number 9711170043
050 ## - LIBRARY OF CONGRESS CALL NUMBER
Classification number BX 1756
Item number .Es74 1989
082 ## - DEWEY DECIMAL CLASSIFICATION NUMBER
Classification number HS 252
Item number Es1 1989
100 ## - MAIN ENTRY--PERSONAL NAME
Personal name Escriva, Josemaria
9 (RLIN) 10806
245 ## - TITLE STATEMENT
Title Friends of God :
Remainder of title homilies /
Statement of responsibility, etc Josemaria Escriva.
260 ## - PUBLICATION, DISTRIBUTION, ETC. (IMPRINT)
Place of publication, distribution, etc Manila :
Name of publisher, distributor, etc Sinagtala Publishers, Inc.,
Date of publication, distribution, etc 1989.
300 ## - PHYSICAL DESCRIPTION
Extent 381 p. ;
Dimensions 17 cm.
650 ## - SUBJECT ADDED ENTRY--TOPICAL TERM
Topical term or geographic name as entry element Sermons
9 (RLIN) 7176
650 ## - SUBJECT ADDED ENTRY--TOPICAL TERM
Topical term or geographic name as entry element Preaching
9 (RLIN) 10386
942 ## - ADDED ENTRY ELEMENTS (KOHA)
Source of classification or shelving scheme Library of Congress Classification
Holdings
Withdrawn status Lost status Source of classification or shelving scheme Damaged status Home library Current library Shelving location Date acquired Total Checkouts Full call number Barcode Date last seen Copy number Price effective from Koha item type
    Library of Congress Classification   Luxembourg Library Luxembourg Library High School Section 08/15/2013   BX 1756 .Es74 1989 3262 05/27/2015 1 08/15/2013 Books

Friends of God :

APA

Escriva J., . (1989). Friends of God. Manila: Sinagtala Publishers, Inc.

Chicago

Escriva Josemaria, . 1989. Friends of God. Manila: Sinagtala Publishers, Inc.

Harvard

Escriva J., . (1989). Friends of God. Manila: Sinagtala Publishers, Inc.

MLA

Escriva Josemaria, . Friends of God. Manila: Sinagtala Publishers, Inc. 1989.

  • Place hold
  • Print
  • Cite
  • Add to your cart (remove)
  • Save record
    BIBTEX Dublin Core MARCXML MARC (non-Unicode/MARC-8) MARC (Unicode/UTF-8) MARC (Unicode/UTF-8, Standard) MODS (XML) RIS
  • More searches
    Search for this title in:
    Other Libraries (WorldCat) Other Databases (Google Scholar) Online Stores (Bookfinder.com) Open Library (openlibrary.org)

Exporting to Dublin Core...

SOUTHVILLE LIBRARY

Southville International School and Colleges Library

1281 Tropical Ave. Cor. Luxembourg St., BF Homes International, Las Pinas City

Tel. No. 8256374 / 252358 Loc. 117/146

Powered by Koha